[Event "POL-ch 50th"]
[Site "Czestochowa"]
[Date "1993.??.??"]
[Round "9"]
[White "Grabarczyk, Miroslaw"]
[Black "Ciemniak, Robert"]
[Result "0-1"]
[WhiteElo "2455"]
[BlackElo "2440"]
[PlyCount "124"]
[EventDate "1993.04.17"]
[EventType "tourn"]
[EventRounds "13"]
[EventCountry "POL"]
[EventCategory "7"]
[SourceTitle "CBM 035 Extra"]
[Source "ChessBase"]
[SourceDate "1993.09.01"]
[SourceVersion "1"]
[SourceVersionDate "1993.09.01"]
[SourceQuality "1"]

1. d4 Nf6 2. Nf3 c5 3. d5 g6 4. Nc3 Bg7 5. e4 0-0 6. Be2 d6 7. 0-0 Na6 8. h3 Nc7 9. a4 b6 10. Bf4 a6 11. e5 dxe5 12. Nxe5 Ncxd5 13. Nxd5 Qxd5 14. Bf3 Qxd1 15. Raxd1 Ra7 16. Nc6 Rd7 17. Rxd7 Bxd7 18. Nxe7+ Kh8 19. Rd1 Re8 20. Nc6 Bf5 21. c3 Bc2 22. Rd6 Bxa4 23. Ne5 Ne4 24. Nxf7+ Kg8 25. Bxe4 Rxe4 26. Nh6+ Kf8 27. Rd8+ Ke7 28. Bg5+ Ke6 29. Ra8 Bb5 30. Ra7 Bxh6 31. Bxh6 Re1+ 32. Kh2 Re2 33. Rb7 Rxb2 34. Rxb6+ Kd5 35. Be3 a5 36. Rb8 c4 37. Kg3 a4 38. Kf4 Rb3 39. Bd4 a3 40. Ra8 Bc6 41. Ra5+ Ke6 42. g4 g5+ 43. Ke3 Rb1 44. Rxa3 Rh1 45. Ra5 Rxh3+ 46. Kd2 h6 47. Re5+ Kd6 48. Rc5 Bd5 49. Rc8 Be6 50. Ra8 Bxg4 51. Ra6+ Kd7 52. Bg7 Be6 53. Ra7+ Ke8 54. Be5 Rd3+ 55. Kc1 Bf7 56. Bd4 h5 57. Ra8+ Ke7 58. Ra7+ Kf8 59. Ra8+ Be8 60. Ra7 g4 61. Rh7 Bg6 62. Rh6 Rxd4 0-1

[Event "Berliner Sommer 11th"]
[Site "Berlin"]
[Date "1993.??.??"]
[Round "?"]
[White "Hector, Jonny"]
[Black "Ciemniak, Robert"]
[Result "0-1"]
[WhiteElo "2500"]
[BlackElo "2415"]
[PlyCount "133"]
[EventDate "1993.08.??"]
[EventType "swiss"]
[EventRounds "9"]
[EventCountry "GER"]
[SourceTitle "EXT 1997"]
[Source "ChessBase"]
[SourceDate "1996.11.15"]
[SourceVersion "1"]
[SourceVersionDate "1996.11.15"]
[SourceQuality "1"]

1. e4 c5 2. Nf3 Nc6 3. Nc3 e5 4. Bc4 h6 5. d3 Nf6 6. Nd2 a6 7. a4 d6 8. Nf1 g6 9. Ne3 Bg7 10. 0-0 Be6 11. Ncd5 0-0 12. c3 Rb8 13. Nxf6+ Qxf6 14. a5 h5 15. Qa4 Qd8 16. Bxa6 Ra8 17. Bxb7 Rxa5 18. Bxc6 Rxa4 19. Rxa4 Kh7 20. b4 Bd7 21. Ra6 Bxc6 22. Rxc6 cxb4 23. cxb4 Qa8 24. Rxd6 Qb8 25. Nc4 Qxb4 26. Ba3 Qa4 27. Rd5 Rb8 28. h3 Qc2 29. Ne3 Qb3 30. Nc4 Qc2 31. Bd6 Rb1 32. g3 f6 33. Rxb1 Qxb1+ 34. Kg2 Qb7 35. Bc5 Qc7 36. Bb6 Qb7 37. Bd8 f5 38. Nxe5 fxe4 39. Rd7 Qa6 40. dxe4 Qe6 41. Re7 Qc8 42. Bc7 Qa8 43. Nd7 Kg8 44. h4 Qa3 45. Re6 Qa2 46. Rd6 Qc2 47. Bb6 Qxe4+ 48. Kh2 Qf5 49. Be3 Kh7 50. Nb6 Be5 51. Rd7+ Kg8 52. Rd8+ Kg7 53. Nc4 Bc7 54. Rd4 Kg8 55. Nd2 Qf6 56. Ne4 Qxh4+ 57. Kg2 Qe7 58. Bg5 Qe5 59. Nf6+ Kf7 60. Rd5 Qc3 61. Rd7+ Ke6 62. Re7+ Kf5 63. Ne4 Qc2 64. Be3 Be5 65. Ng5 Bf6 66. Rf7 Qc6+ 67. Kh2 0-1

[Event "POL-ch 50th"]
[Site "Czestochowa"]
[Date "1993.??.??"]
[Round "2"]
[White "Jakubiec, Artur"]
[Black "Ciemniak, Robert"]
[Result "0-1"]
[WhiteElo "2355"]
[BlackElo "2440"]
[PlyCount "148"]
[EventDate "1993.04.17"]
[EventType "tourn"]
[EventRounds "13"]
[EventCountry "POL"]
[EventCategory "7"]
[SourceTitle "CBM 035 Extra"]
[Source "ChessBase"]
[SourceDate "1993.09.01"]
[SourceVersion "1"]
[SourceVersionDate "1993.09.01"]
[SourceQuality "1"]

1. e4 d6 2. d4 Nf6 3. Nc3 c6 4. Nf3 Bg4 5. Be2 e6 6. 0-0 Be7 7. h3 Bh5 8. Bf4 0-0 9. Bh2 d5 10. Ne5 Bxe2 11. Qxe2 Qb6 12. Qd3 Rd8 13. exd5 cxd5 14. Qb5 Qxb5 15. Nxb5 a6 16. Nc3 Nfd7 17. Nxd7 Nxd7 18. Nd1 Rdc8 19. Ne3 b5 20. Rad1 b4 21. Rfe1 Nb6 22. Re2 g6 23. Rd3 Rc6 24. f4 Bf6 25. b3 Bg7 26. Bg3 a5 27. Be1 Rac8 28. Kf1 Nd7 29. c3 bxc3 30. Rc2 Nb8 31. Ke2 R6c7 32. Kd1 Nc6 33. Rcxc3 Bf8 34. Rc2 Bd6 35. g3 h5 36. h4 Bb4 37. Bc3 Kf8 38. Bb2 Ke7 39. a3 Bd6 40. Kd2 Kd7 41. Nd1 Rb8 42. Rc1 Rcb7 43. Kc2 a4 44. bxa4 Na5 45. Ra1 Rc8+ 46. Nc3 Be7 47. Bc1 Bf6 48. Be3 Rc4 49. Rad1 Rbc7 50. Kb2 Rb7+ 51. Kc2 Rbc7 52. Kb2 Nc6 53. Kb3 Be7 54. Ra1 Na5+ 55. Kb2 R4c6 56. Nb5 Rb7 57. Rc3 Rc4 58. Rac1 Bd6 59. Ka2 Rxa4 60. Nxd6 Kxd6 61. f5 Nc4 62. Bf4+ Ke7 63. fxg6 fxg6 64. Bg5+ Kd6 65. Rf1 Rb2+ 66. Ka1 Re2 67. Rf7 Kc6 68. Bf4 Rxa3+ 69. Rxa3 Nxa3 70. Rf6 Kb5 71. Be5 Kb4 72. Rf4 Nb5 73. Kb1 Nc3+ 74. Kc1 Kb3 0-1

[Event "POL-chT 49th"]
[Site "Lubniewice"]
[Date "1993.??.??"]
[Round "10"]
[White "Maciejewski, Miroslaw"]
[Black "Ciemniak, Robert"]
[Result "1-0"]
[WhiteElo "2400"]
[BlackElo "2415"]
[PlyCount "152"]
[EventDate "1993.09.23"]
[EventType "team-tourn"]
[EventRounds "11"]
[EventCountry "POL"]
[SourceTitle "EXT 2019"]
[Source "ChessBase"]
[SourceDate "2018.10.10"]
[SourceVersion "1"]
[SourceVersionDate "2018.10.10"]
[SourceQuality "1"]
[WhiteTeam "Plock PTSz"]
[BlackTeam "Bydgoszcz Chemik"]
[WhiteTeamCountry "POL"]
[BlackTeamCountry "POL"]

1. Nf3 Nf6 2. c4 c5 3. Nc3 Nc6 4. g3 g6 5. Bg2 Bg7 6. 0-0 0-0 7. d4 d6 8. d5 Na5 9. Nd2 a6 10. Rb1 Bf5 11. e4 Bd7 12. b3 b5 13. Bb2 Rb8 14. Ba1 e6 15. cxb5 exd5 16. Nxd5 axb5 17. b4 Nb7 18. Nxf6+ Bxf6 19. Bxf6 Qxf6 20. e5 Qxe5 21. Re1 Qd4 22. Re4 Qf6 23. Rf4 Qg7 24. Bxb7 Rxb7 25. Ne4 Bf5 26. Qxd6 Bxe4 27. Rxe4 c4 28. a4 c3 29. axb5 Rxb5 30. Qc6 Rbb8 31. Rc4 Rfe8 32. Rxc3 Qd4 33. Qc5 Qe4 34. Rcc1 Re5 35. Qc3 Reb5 36. Re1 Qb7 37. Qd4 h5 38. Re4 Kh7 39. h4 Ra5 40. Qe3 Rb5 41. Re7 Qd5 42. Qf4 Kg7 43. Rc7 Qa2 44. Qd4+ Kg8 45. Rbc1 Qe6 46. R1c4 Qf5 47. Qc3 Rd8 48. Rd4 Rxd4 49. Qxd4 Rb8 50. Rd7 Kh7 51. Qa7 Rf8 52. Kh2 Kg7 53. Qd4+ Kh7 54. Kg2 Rb8 55. Qa7 Rf8 56. Qb7 Kg7 57. Qd5 Qf6 58. Rd6 Qc3 59. b5 Re8 60. Qd4+ Qxd4 61. Rxd4 Kf6 62. Kf3 Rb8 63. Rb4 Rb6 64. Kf4 Ke6 65. Kg5 Ke7 66. Rb2 Ke6 67. f4 Kd7 68. f5 gxf5 69. Kxf5 Rg6 70. b6 Kc8 71. b7+ Kb8 72. Rb3 Rg4 73. Kf6 Rg8 74. Kxf7 Rg4 75. Kf6 Rg8 76. Ke5 Rf8 1-0